000 00438nam a2200157Ia 4500
008 210716s2002 xx 000 0 und d
020 _a130340731
041 _aeng
082 _a003.54 MCNB
100 _aMcnurlin, Barbara C; Sprague, Ralph H.
245 _aInformation systems management in practice.
250 _a5
260 _aNew Jersey
_bPrentice Hall
_c2002
300 _axxiii,502
650 _aManagement Information Systems
999 _c181286
_d181286